[Event "Moscow1"]
[Site "Moscow"]
[Date "1986.??.??"]
[Round "?"]
[White "Kishnev, Sergey"]
[Black "Donchenko, Anatoly G"]
[Result "1-0"]
[WhiteElo "2360"]
[BlackElo "2360"]
[PlyCount "125"]
[EventDate "1986.??.??"]
[EventType "tourn"]
[EventRounds "9"]
[EventCountry "URS"]
[SourceTitle "EXT 2004"]
[Source "ChessBase"]
[SourceDate "2003.11.25"]
[SourceVersion "1"]
[SourceVersionDate "2003.11.25"]
[SourceQuality "1"]

1. d4 g6 2. c4 Bg7 3. Nc3 d6 4. e4 Nc6 5. d5 Nd4 6. Be3 c5 7. Nge2 Nxe2 8. Bxe2
Nf6 9. O-O O-O 10. f4 a6 11. a4 Rb8 12. Bf3 b6 13. Qe2 e6 14. dxe6 fxe6 15.
Rad1 Qe7 16. Rd3 Bb7 17. Qd2 Ne8 18. g3 Rf7 19. Bg2 Bc6 20. Bf2 b5 21. axb5
axb5 22. cxb5 Bxb5 23. Nxb5 Rxb5 24. b3 Qc7 25. Qc2 Bf8 26. Qc4 Qd7 27. Bh3 Ng7
28. e5 Rb4 29. Qc3 d5 30. Bxc5 Bxc5+ 31. Qxc5 Qb7 32. Rc1 Rf8 33. Qd6 Qa7+ 34.
Kh1 Rb6 35. Qc5 Qb7 36. Bg2 Rxb3 37. Rxd5 Qb6 38. Qxb6 Rxb6 39. Rd7 Rfb8 40.
Be4 Rb4 41. Rcc7 Ne8 42. Rb7 R8xb7 43. Bxb7 Rb2 44. Ba6 Ng7 45. Bc4 Kf8 46. g4
Rc2 47. Rd4 h6 48. Kg1 g5 49. Bd3 Rd2 50. Kf1 gxf4 51. Rxf4+ Kg8 52. Bg6 h5 53.
h3 hxg4 54. hxg4 Rd5 55. Ra4 Kf8 56. Ra8+ Ke7 57. Rg8 Nf5 58. Re8+ Kd7 59. gxf5
exf5 60. e6+ Kc7 61. Rf8 Re5 62. Bxf5 Kd6 63. Rd8+ 1-0

[Event "Moscow-ch"]
[Site "Moscow"]
[Date "1989.??.??"]
[Round "?"]
[White "Kozlov, V."]
[Black "Kishnev, Sergey"]
[Result "0-1"]
[WhiteElo "2380"]
[BlackElo "2375"]
[PlyCount "116"]
[EventDate "1989.??.??"]
[EventType "tourn"]
[EventRounds "17"]
[EventCountry "URS"]
[SourceTitle "EXT 1999"]
[Source "ChessBase"]
[SourceDate "1998.11.16"]
[SourceVersion "1"]
[SourceVersionDate "1998.11.16"]
[SourceQuality "1"]

1. e4 e6 2. d4 d5 3. Nc3 Bb4 4. Nge2 Nf6 5. e5 Nfd7 6. a3 Be7 7. Qd3 c5 8. Qg3
Kf8 9. Be3 Nc6 10. h4 cxd4 11. Bxd4 Nxd4 12. Nxd4 Nxe5 13. Qxe5 Bf6 14. Qe3 e5
15. Qf3 exd4 16. Nxd5 Bg4 17. Qe4 Bh5 18. Bd3 Bg6 19. Qf3 Bxd3 20. cxd3 Bxh4
21. Rc1 Bg5 22. Rc7 Qe8+ 23. Kf1 Rc8 24. Qg3 Rxc7 25. Qxc7 g6 26. Qc5+ Kg8 27.
Qxd4 Qc6 28. g4 h5 29. Qe5 Bd8 30. Rh3 Qc1+ 31. Kg2 Qg5 32. Qxg5 Bxg5 33. f4
Bd8 34. g5 f6 35. gxf6 Kf7 36. Re3 Bxf6 37. Kf3 Rd8 38. Nxf6 Kxf6 39. b3 Rd4
40. Kg3 Kf5 41. Re5+ Kf6 42. Re3 b5 43. b4 a6 44. Kf3 h4 45. Re2 Rxd3+ 46. Kg4
Rxa3 47. Kxh4 Kf5 48. Rg2 Ra4 49. Rg5+ Kxf4 50. Rxg6 Ke3 51. Kg3 Kd4 52. Rc6
Kd5 53. Rc5+ Kd6 54. Rh5 Rxb4 55. Rh6+ Kc5 56. Rxa6 Re4 57. Kf3 Re8 58. Ra1 b4
0-1

[Event "Budapest Spring op 05th"]
[Site "Budapest"]
[Date "1989.??.??"]
[Round "?"]
[White "Kishnev, Sergey"]
[Black "Sher, Miron Naumovich"]
[Result "1-0"]
[WhiteElo "2375"]
[BlackElo "2460"]
[PlyCount "79"]
[EventDate "1989.03.18"]
[EventType "swiss"]
[EventRounds "9"]
[EventCountry "HUN"]
[SourceTitle "TD"]
[Source "ChessBase"]
[SourceDate "1994.03.01"]
[SourceVersion "1"]
[SourceVersionDate "1994.03.01"]
[SourceQuality "1"]

1. d4 Nf6 2. c4 e6 3. Nf3 b6 4. g3 Ba6 5. Nbd2 c5 6. e4 cxd4 7. e5 Ng4 8. h3
Nh6 9. Bg2 Nc6 10. O-O Rc8 11. Qa4 Bb7 12. Nxd4 Nxd4 13. Bxb7 Rc7 14. Bg2 f5
15. exf6 Ne2+ 16. Kh2 Nxc1 17. fxg7 Bxg7 18. Raxc1 Bxb2 19. Rc2 Bg7 20. Ne4 O-O
21. c5 Nf5 22. cxb6 Rxc2 23. Qxc2 Qxb6 24. Rb1 Qd8 25. Qd2 Kh8 26. Rb7 d5 27.
Ng5 Qf6 28. Rxa7 Nd4 29. f4 h6 30. Nf3 Nxf3+ 31. Bxf3 e5 32. Bxd5 exf4 33. gxf4
Qd6 34. Kh1 Rb8 35. Kg2 Qg6+ 36. Kh2 Qd6 37. Kg2 Qg6+ 38. Kh2 Qd6 39. a4 Ba1
40. Rh7+ 1-0

[Event "Miskolc op"]
[Site "Miskolc"]
[Date "1989.??.??"]
[Round "?"]
[White "Knaak, Rainer"]
[Black "Kishnev, Sergey"]
[Result "0-1"]
[WhiteElo "2465"]
[BlackElo "2375"]
[PlyCount "120"]
[EventDate "1989.07.05"]
[EventType "swiss"]
[EventRounds "11"]
[EventCountry "HUN"]
[SourceTitle "EXT 2002"]
[Source "ChessBase"]
[SourceDate "2001.11.25"]
[SourceVersion "1"]
[SourceVersionDate "2001.11.25"]
[SourceQuality "1"]

1. d4 Nf6 2. c4 e6 3. Nc3 d5 4. cxd5 exd5 5. Bg5 Be7 6. e3 O-O 7. Bd3 Nbd7 8.
Nf3 c6 9. Qc2 Re8 10. h3 Nf8 11. Bf4 Be6 12. O-O Bd6 13. Ne5 Qc7 14. Bh2 N6d7
15. f4 f6 16. Nf3 Bf7 17. Rae1 a6 18. g4 c5 19. Qg2 cxd4 20. Nxd4 Nb6 21. g5
fxg5 22. Qxg5 Qd8 23. Qg2 Bc5 24. Kh1 Qf6 25. Bg1 Rad8 26. f5 Nfd7 27. Nce2 Ne5
28. Bb1 Nec4 29. Nf4 Bxd4 30. exd4 Rxe1 31. Rxe1 Nd6 32. Ne6 Re8 33. Qg4 h5 34.
Qf4 Nxf5 35. Bxf5 Bxe6 36. Rxe6 Rxe6 37. Qb8+ Kf7 38. Bxe6+ Qxe6 39. Qxb7+ Kg6
40. Qc7 Qxh3+ 41. Bh2 Qf3+ 42. Kg1 Qg4+ 43. Kf1 Qxd4 44. Qc2+ Kg5 45. b3 Nd7
46. Qc1+ Kg4 47. Qc7 Nc5 48. Qc8+ Kh4 49. Bg1 Qd3+ 50. Kg2 Qg3+ 51. Kf1 Qd3+
52. Kg2 Ne4 53. Bf2+ Nxf2 54. Qd8+ g5 55. Kxf2 Qg3+ 56. Ke2 Qe5+ 57. Kd3 Kg4
58. Qb6 h4 59. Qxa6 h3 60. Kd2 h2 0-1

[Event "Muenster op"]
[Site "Muenster"]
[Date "1990.??.??"]
[Round "7"]
[White "Ambroz, Jan"]
[Black "Kishnev, Sergey"]
[Result "0-1"]
[WhiteElo "2435"]
[BlackElo "2495"]
[PlyCount "70"]
[EventDate "1990.??.??"]
[EventType "swiss"]
[EventRounds "9"]
[EventCountry "GER"]
[SourceTitle "EXT 1997"]
[Source "ChessBase"]
[SourceDate "1996.11.15"]
[SourceVersion "1"]
[SourceVersionDate "1996.11.15"]
[SourceQuality "1"]

1. e4 e6 2. d3 d5 3. Nd2 c5 4. Ngf3 Nc6 5. g3 Nf6 6. Bg2 Be7 7. O-O b6 8. Re1
Bb7 9. c3 h6 10. Qe2 Rc8 11. Nf1 Ba6 12. e5 Nd7 13. c4 dxc4 14. dxc4 O-O 15. h4
Qc7 16. N1h2 Rfd8 17. h5 Nd4 18. Nxd4 cxd4 19. Ng4 Qxc4 20. Nxh6+ Kf8 21. Qe4
Qc2 22. Qf4 gxh6 23. Qxh6+ Ke8 24. Bf4 Nc5 25. Bg5 Bxg5 26. Qxg5 Qf5 27. Qh4
Nd3 28. Rf1 Nxe5 29. f4 Bxf1 30. Rxf1 Nc4 31. Bh3 Qd3 32. f5 Nd2 33. fxe6 Nf3+
34. Rxf3 Qxf3 35. exf7+ Kxf7 0-1

[Event "Bad Woerishofen op 6th"]
[Site "Bad Woerishofen"]
[Date "1990.??.??"]
[Round "?"]
[White "Kishnev, Sergey"]
[Black "Mohr, Stefan"]
[Result "1-0"]
[WhiteElo "2495"]
[BlackElo "2425"]
[PlyCount "80"]
[EventDate "1990.03.??"]
[EventType "swiss"]
[EventRounds "9"]
[EventCountry "GER"]
[SourceTitle "EXT 1997"]
[Source "ChessBase"]
[SourceDate "1996.11.15"]
[SourceVersion "1"]
[SourceVersionDate "1996.11.15"]
[SourceQuality "1"]

1. Nf3 g6 2. c4 Bg7 3. Nc3 e5 4. d4 exd4 5. Nxd4 Nc6 6. Nxc6 bxc6 7. g3 Ne7 8.
Bg2 O-O 9. O-O Ba6 10. Qa4 Qc8 11. Bg5 f6 12. Bf4 Rb8 13. b3 f5 14. Rac1 Bd4
15. e3 Bc5 16. Rfd1 Rf7 17. Bxc7 Qxc7 18. Qxa6 g5 19. Na4 Ba3 20. Rc3 f4 21.
exf4 gxf4 22. c5 Ng6 23. Be4 Ne5 24. Qe2 Rbf8 25. Qh5 Rg7 26. Rd4 a5 27. Kh1
Bb4 28. Rc2 d5 29. gxf4 Ng6 30. Bxg6 Rxg6 31. Qe5 Qf7 32. Re2 Rf6 33. Rd3 h6
34. Rh3 Kh7 35. Qg5 Qg7 36. Ree3 Bd2 37. Reg3 Qxg5 38. fxg5 Rg6 39. gxh6 Bxh6
40. Rxg6 Kxg6 1-0

[Event "Berliner Sommer 08th"]
[Site "Berlin"]
[Date "1990.08.??"]
[Round "5"]
[White "Kishnev, Sergey"]
[Black "Mainka, Romuald"]
[Result "1-0"]
[WhiteElo "2450"]
[BlackElo "2445"]
[PlyCount "87"]
[EventDate "1990.08.11"]
[EventType "swiss"]
[EventRounds "9"]
[EventCountry "GER"]
[SourceTitle "EXT 2008"]
[Source "ChessBase"]
[SourceDate "2007.11.25"]
[SourceVersion "1"]
[SourceVersionDate "2007.11.25"]
[SourceQuality "1"]

1. d4 Nf6 2. c4 c5 3. d5 b5 4. cxb5 a6 5. f3 g6 6. e4 d6 7. Na3 Bg7 8. Ne2 O-O
9. Nc3 Nbd7 10. Be2 Nb6 11. Bg5 Ne8 12. Qd2 Nc7 13. Bh6 Bxh6 14. Qxh6 axb5 15.
Naxb5 Nxb5 16. Bxb5 Bd7 17. Bxd7 Nxd7 18. O-O Rb8 19. Rab1 Rb4 20. b3 Qa5 21.
Qh4 Re8 22. Rf2 c4 23. Rc2 Nc5 24. Ne2 cxb3 25. axb3 Reb8 26. h3 Qa7 27. Kh2
Rxb3 28. Rxb3 Rxb3 29. Nd4 Rb1 30. Nc6 Qa1 31. Qh6 Rh1+ 32. Kg3 Qe1+ 33. Kg4
f5+ 34. exf5 Nd7 35. fxg6 hxg6 36. Qxg6+ Kf8 37. Qh6+ Kg8 38. Qe6+ Kf8 39. Qh6+
Kg8 40. Qe6+ Qxe6+ 41. dxe6 Nf6+ 42. Kf5 Re1 43. Nxe7+ Kg7 44. Nc6 1-0

[Event "Cansys"]
[Site "Budapest"]
[Date "1991.??.??"]
[Round "6"]
[White "Mueller, Karsten"]
[Black "Kishnev, Sergey"]
[Result "0-1"]
[WhiteElo "2425"]
[BlackElo "2520"]
[PlyCount "108"]
[EventDate "1991.03.??"]
[EventType "tourn"]
[EventRounds "13"]
[EventCountry "HUN"]
[EventCategory "8"]
[SourceTitle "CBM 023 Extra"]
[Source "ChessBase"]
[SourceDate "1991.09.01"]
[SourceVersion "1"]
[SourceVersionDate "1991.09.01"]
[SourceQuality "1"]

1. e4 e6 2. d4 d5 3. Nd2 c5 4. Ngf3 Nf6 5. exd5 exd5 6. Be2 Nc6 7. O-O cxd4 8.
Nb3 Be7 9. Nfxd4 O-O 10. Bf4 Ne4 11. c4 Be6 12. Nxc6 bxc6 13. Qc2 Bg5 14. Bxg5
Qxg5 15. Bd3 f5 16. Rfe1 Qf6 17. f3 Nd6 18. c5 Nc4 19. Qc3 f4 20. Bxc4 dxc4 21.
Qxf6 Rxf6 22. Nd2 Rb8 23. Ne4 Rg6 24. Re2 Bd5 25. Kf2 Re6 26. Rd1 Rb5 27. Rd4
h6 28. Red2 g5 29. Nc3 Rxc5 30. Nxd5 cxd5 31. Rxd5 Rxd5 32. Rxd5 Rb6 33. Rd2
Kf7 34. Ke2 Ke6 35. Kd1 Ra6 36. Re2+ Kd5 37. Rd2+ Kc5 38. Re2 Kb4 39. Kc2 Rxa2
40. Re7 Ra1 41. g3 Rf1 42. gxf4 Rf2+ 43. Kc1 gxf4 44. Rxa7 Rxf3 45. Rf7 Rf1+
46. Kd2 Rf2+ 47. Kc1 Kc5 48. Rf6 f3 49. Rf4 Kd5 50. h3 Ke5 51. Rxc4 Rh2 52.
Rc5+ Kd4 53. Rf5 f2 54. Kd1 Ke3 0-1

[Event "Cansys"]
[Site "Budapest"]
[Date "1991.??.??"]
[Round "11"]
[White "Kishnev, Sergey"]
[Black "Moskalenko, Viktor"]
[Result "1-0"]
[WhiteElo "2520"]
[BlackElo "2525"]
[PlyCount "111"]
[EventDate "1991.03.??"]
[EventType "tourn"]
[EventRounds "13"]
[EventCountry "HUN"]
[EventCategory "8"]
[SourceTitle "CBM 023 Extra"]
[Source "ChessBase"]
[SourceDate "1991.09.01"]
[SourceVersion "1"]
[SourceVersionDate "1991.09.01"]
[SourceQuality "1"]

1. c4 e6 2. Nf3 Nf6 3. d4 c5 4. d5 exd5 5. cxd5 d6 6. Nc3 g6 7. e4 Bg7 8. h3
O-O 9. Bd3 Re8 10. O-O c4 11. Bc2 Na6 12. Be3 Bd7 13. a3 Rc8 14. Bd4 Nc5 15. e5
dxe5 16. Nxe5 b5 17. Qf3 a5 18. Nxd7 Ncxd7 19. Nxb5 Ne5 20. Bxe5 Rxe5 21. Na7
Nxd5 22. Nxc8 Qxc8 23. Rfe1 Qc5 24. Rxe5 Bxe5 25. Rd1 Nf6 26. b3 c3 27. Qe3 Qc7
28. b4 axb4 29. axb4 Qb8 30. Re1 Bh2+ 31. Kh1 Bd6 32. Qd4 Kg7 33. b5 Qf8 34.
Rb1 Bb8 35. Qxc3 Qd6 36. g3 h5 37. h4 Qd5+ 38. Kg1 Be5 39. Qc6 Qd2 40. Rd1 Qe2
41. Rd8 Bxg3 42. Qc5 Nd7 43. Rxd7 Bxf2+ 44. Qxf2 Qg4+ 45. Kf1 Qxd7 46. b6 Qh3+
47. Kg1 Qg4+ 48. Kh2 Qb4 49. Kg2 Qg4+ 50. Kf1 Qc4+ 51. Ke1 Qb4+ 52. Kd1 Qd6+
53. Ke2 Kf8 54. Be4 f5 55. Bf3 f4 56. Kf1 1-0

[Event "Gelsenkirchen"]
[Site "Gelsenkirchen"]
[Date "1991.??.??"]
[Round "?"]
[White "Kishnev, Sergey"]
[Black "Hug, Werner"]
[Result "1-0"]
[WhiteElo "2520"]
[BlackElo "2435"]
[PlyCount "91"]
[EventDate "1991.05.??"]
[EventType "tourn"]
[EventRounds "11"]
[EventCountry "GER"]
[EventCategory "8"]
[SourceTitle "CBM 025"]
[Source "ChessBase"]
[SourceDate "1991.12.01"]
[SourceVersion "1"]
[SourceVersionDate "1991.12.01"]
[SourceQuality "1"]

1. d4 Nf6 2. c4 d6 3. Nf3 g6 4. Nc3 Bg7 5. e4 O-O 6. Be2 Bg4 7. Be3 Nfd7 8. h4
c5 9. d5 b5 10. cxb5 a6 11. Qd2 axb5 12. Bxb5 Bxf3 13. gxf3 Qa5 14. Bh6 Ne5 15.
Rh3 Bxh6 16. Qxh6 f6 17. Qd2 Na6 18. f4 Nc7 19. Be2 Nf7 20. Bc4 Rab8 21. Ke2
Na8 22. b3 Nb6 23. Bb5 Rfc8 24. Qb2 Nxd5 25. exd5 Rxb5 26. Nxb5 Qxb5+ 27. Ke1
Qb4+ 28. Qd2 Qe4+ 29. Kf1 Qf5 30. Rg3 Rb8 31. a3 Qh5 32. Re1 Rb7 33. Qd1 Qxh4
34. Qf3 Qh6 35. Kg2 Qg7 36. Qe2 Nd8 37. Qa6 Kf8 38. Qa8 Ke8 39. Qa4+ Kf8 40.
Qa8 Ke8 41. Rge3 f5 42. Re6 g5 43. Rxd6 gxf4+ 44. Kf1 Kf7 45. Rxd8 f3 46. Rf8+
1-0

[Event "Copenhagen op"]
[Site "Copenhagen"]
[Date "1991.??.??"]
[Round "7"]
[White "Borge, Nikolaj"]
[Black "Kishnev, Sergey"]
[Result "0-1"]
[WhiteElo "2300"]
[BlackElo "2520"]
[PlyCount "122"]
[EventDate "1991.06.??"]
[EventType "swiss"]
[EventRounds "10"]
[EventCountry "DEN"]
[SourceTitle "TD"]
[Source "ChessBase"]
[SourceDate "1994.03.01"]
[SourceVersion "1"]
[SourceVersionDate "1994.03.01"]
[SourceQuality "1"]

1. e4 e6 2. d4 d5 3. e5 c5 4. c3 Nc6 5. Nf3 Bd7 6. Be2 Nge7 7. Na3 Ng6 8. Nc2
cxd4 9. cxd4 f6 10. h4 fxe5 11. h5 Nf4 12. Bf1 Qf6 13. g3 e4 14. Ne5 Nd3+ 15.
Bxd3 exd3 16. Nxd7 Kxd7 17. Qxd3 Bd6 18. Be3 Qf3 19. Rh4 Raf8 20. Qe2 Qf5 21.
Qb5 Kc7 22. O-O-O a6 23. Qd3 Qxd3 24. Rxd3 Rf5 25. g4 Rf7 26. Ne1 Kd7 27. Kd1
Rc8 28. Rh1 b5 29. Rd2 Bb4 30. Rc2 Bxe1 31. Rxe1 e5 32. Rc5 exd4 33. Bxd4 Kd6
34. Re5 Nxe5 35. Rxc8 Nc6 36. Bc3 b4 37. Be1 Rf4 38. g5 Rd4+ 39. Bd2 Ne5 40.
Kc2 Nf3 41. Be3 Rc4+ 42. Rxc4 dxc4 43. g6 hxg6 44. hxg6 Nh4 45. b3 Kd5 46.
bxc4+ Kxc4 47. Bc1 Nxg6 48. Bb2 Nf4 49. Bxg7 Nd3 50. f3 Ne1+ 51. Kd2 Nxf3+ 52.
Kc2 Ne1+ 53. Kb2 Nd3+ 54. Kc2 a5 55. Bh8 Nf4 56. Bf6 Nd5 57. Bg7 Nc3 58. Kb2 a4
59. Bxc3 bxc3+ 60. Kc2 Kd4 61. Kc1 Kd3 0-1

[Event "SUI-ch int"]
[Site "Switzerland"]
[Date "1992.??.??"]
[Round "3"]
[White "Kishnev, Sergey"]
[Black "Bischoff, Klaus"]
[Result "1-0"]
[WhiteElo "2530"]
[BlackElo "2510"]
[PlyCount "67"]
[EventDate "1992.??.??"]
[EventType "tourn"]
[EventRounds "11"]
[EventCountry "SUI"]
[EventCategory "8"]
[SourceTitle "CBM 031"]
[Source "ChessBase"]
[SourceDate "1992.12.01"]
[SourceVersion "1"]
[SourceVersionDate "1992.12.01"]
[SourceQuality "1"]

1. d4 g6 2. c4 Bg7 3. Nc3 c5 4. d5 f5 5. e4 Bxc3+ 6. bxc3 fxe4 7. h4 Nf6 8. h5
Rg8 9. hxg6 hxg6 10. d6 exd6 11. Bf4 Nc6 12. Bxd6 Qa5 13. Rc1 b6 14. g4 Kd8 15.
g5 Ne8 16. Qd5 Nxd6 17. Qxg8+ Kc7 18. Rh7 Qxa2 19. Rd1 e3 20. fxe3 Ne4 21. Ne2
Nxg5 22. Rg7 Nf3+ 23. Kf2 Nfe5 24. Bh3 Rb8 25. Qd5 Kb7 26. Rd2 Qxc4 27. Bxd7
Qh4+ 28. Kg2 Bxd7 29. Rxd7+ Ka8 30. Rg7 Qg5+ 31. Ng3 Qxe3 32. Rc7 Rb7 33. Rc8+
Rb8 34. Rxc6 1-0

[Event "SUI-ch int"]
[Site "Switzerland"]
[Date "1992.??.??"]
[Round "5"]
[White "Kishnev, Sergey"]
[Black "Kaenel, Hansjuerg"]
[Result "1-0"]
[WhiteElo "2530"]
[BlackElo "2350"]
[PlyCount "145"]
[EventDate "1992.??.??"]
[EventType "tourn"]
[EventRounds "11"]
[EventCountry "SUI"]
[EventCategory "8"]
[SourceTitle "CBM 031"]
[Source "ChessBase"]
[SourceDate "1992.12.01"]
[SourceVersion "1"]
[SourceVersionDate "1992.12.01"]
[SourceQuality "1"]

1. d4 d5 2. c4 e6 3. Nf3 Be7 4. Nc3 f5 5. Bf4 c6 6. e3 Nf6 7. Bd3 O-O 8. O-O
Ne4 9. h3 Nd7 10. Bh2 Qe8 11. Ne2 b6 12. Rc1 Bb7 13. Ne5 Nxe5 14. Bxe5 Qd7 15.
f3 Nd6 16. cxd5 cxd5 17. Qe1 Rfc8 18. Qg3 Bf8 19. b3 Rxc1 20. Rxc1 Rc8 21. Rxc8
Bxc8 22. Nf4 Bb7 23. Nh5 Ne8 24. Qe1 Kf7 25. g4 g6 26. Nf4 Be7 27. h4 Nf6 28.
gxf5 gxf5 29. Kh2 Qc8 30. Nh3 h6 31. Nf4 Qg8 32. Bb5 Bc8 33. Bc6 Bd7 34. Bxf6
Bxc6 35. Bxe7 Kxe7 36. Qb4+ Kd7 37. Nd3 Qd8 38. Ne5+ Kc7 39. Qc3 Qd6 40. Qc2
Kb7 41. Qg2 Qe7 42. Kh3 Qh7 43. Qg3 Be8 44. Nd3 Bb5 45. Nf4 Bd7 46. h5 Qe7 47.
Qg6 e5 48. Nxd5 f4+ 49. Kg2 Qh4 50. dxe5 fxe3 51. Nxe3 Bh3+ 52. Kg1 Qe1+ 53.
Kh2 Qxe3 54. Qf7+ Ka6 55. Kxh3 Qxe5 56. Qc4+ b5 57. Qc6+ Ka5 58. Qxh6 Qf5+ 59.
Kg3 Qe5+ 60. Kg4 Qe2 61. Qd6 Qg2+ 62. Qg3 Qxa2 63. Qc7+ Ka6 64. Qd6+ Kb7 65.
Qd5+ Kb6 66. h6 Qg2+ 67. Kh5 Qh2+ 68. Kg6 Qg3+ 69. Qg5 Qe1 70. h7 Qe8+ 71. Kg7
Qd7+ 72. Kh6 Qd4 73. b4 1-0

[Event "Munich op 9192"]
[Site "Munich"]
[Date "1992.??.??"]
[Round "2"]
[White "Klundt, Klaus"]
[Black "Kishnev, Sergey"]
[Result "0-1"]
[WhiteElo "2410"]
[BlackElo "2540"]
[PlyCount "114"]
[EventDate "1992.01.??"]
[EventType "swiss"]
[EventRounds "9"]
[EventCountry "GER"]
[SourceTitle "TD"]
[Source "ChessBase"]
[SourceDate "1994.03.01"]
[SourceVersion "1"]
[SourceVersionDate "1994.03.01"]
[SourceQuality "1"]

1. e4 Nc6 2. Nf3 d6 3. d4 Nf6 4. c3 e5 5. Bb5 Bd7 6. O-O Be7 7. Re1 O-O 8. Nbd2
Nxd4 9. cxd4 Bxb5 10. Qb3 c6 11. dxe5 dxe5 12. Nxe5 Qa5 13. Nec4 Bxc4 14. Qxc4
Rad8 15. Nf3 Bb4 16. Rf1 Qc5 17. Qxc5 Bxc5 18. Bg5 Be7 19. Rfe1 h6 20. Bf4 Rfe8
21. Re2 Bb4 22. a3 Ba5 23. Be5 Re6 24. Kf1 Nd7 25. Bf4 Nf6 26. Be5 Rd3 27. Bxf6
Rxf6 28. e5 Re6 29. Re4 Bb6 30. Rae1 g6 31. Nh4 Ba5 32. b4 Bd8 33. Nf3 Rxa3 34.
Rd1 Re8 35. Rd7 Ra1+ 36. Re1 Rxe1+ 37. Nxe1 b5 38. Rxa7 Rxe5 39. Ra8 Rd5 40.
Rc8 Rd6 41. Nf3 f6 42. g4 Kf7 43. h4 Ke6 44. Ke2 Kd5 45. Kd3 Bb6 46. Rh8 Bxf2
47. Rxh6 Re6 48. Nd2 Re3+ 49. Kc2 Kd4 50. g5 Rc3+ 51. Kd1 Rh3 52. Ke2 Be3 53.
Nf3+ Ke4 54. Rxg6 Rxf3 55. gxf6 Rf2+ 56. Ke1 Kd3 57. h5 Rf5 0-1

[Event "Bern op"]
[Site "Bern"]
[Date "1992.??.??"]
[Round "5"]
[White "Kogan, Artur"]
[Black "Kishnev, Sergey"]
[Result "0-1"]
[WhiteElo "2370"]
[BlackElo "2540"]
[PlyCount "136"]
[EventDate "1992.02.??"]
[EventType "swiss"]
[EventRounds "9"]
[EventCountry "SUI"]
[SourceTitle "CBM 028"]
[Source "ChessBase"]
[SourceDate "1992.06.01"]
[SourceVersion "1"]
[SourceVersionDate "1992.06.01"]
[SourceQuality "1"]

1. e4 c5 2. Nf3 Nc6 3. d4 cxd4 4. Nxd4 e5 5. Nb5 a6 6. Nd6+ Bxd6 7. Qxd6 Qf6 8.
Qa3 Nge7 9. Nc3 O-O 10. Be3 Nd4 11. Bd3 Rb8 12. f4 d6 13. O-O Rd8 14. Nd5 Nxd5
15. exd5 Bf5 16. Rf2 e4 17. Bf1 Bd7 18. Rd1 Nf5 19. c4 Re8 20. b4 Ra8 21. h3 h5
22. Be2 Qg6 23. Rc1 Ng3 24. Kh2 h4 25. Bd1 Rac8 26. Qb3 Re7 27. Rc3 Qf6 28. Bg4
Bxg4 29. hxg4 Qg6 30. g5 Nf5 31. Rd2 f6 32. c5 Nxe3 33. Rxe3 fxg5 34. fxg5 Qxg5
35. c6 Qf4+ 36. Kg1 Rf7 37. Rd1 bxc6 38. Rc1 Kh7 39. dxc6 d5 40. Rce1 Qe5 41.
Rxe4 dxe4 42. Qxf7 Rxc6 43. Qf2 Rh6 44. Qe3 Re6 45. Rf1 g5 46. Rf7+ Kg6 47. Rf8
Rd6 48. Rf1 Qd4 49. Qxd4 Rxd4 50. Rb1 e3 51. Kf1 Rf4+ 52. Ke2 Rf2+ 53. Kxe3
Rxg2 54. a4 Ra2 55. b5 Ra3+ 56. Kf2 Rxa4 57. b6 Rf4+ 58. Kg2 Rf8 59. Ra1 Rd8
60. b7 Rd2+ 61. Kf3 Rb2 62. Rxa6+ Kh5 63. Ra7 Rb3+ 64. Kg2 h3+ 65. Kg1 Kh4 66.
Kf2 Rb2+ 67. Kg1 g4 68. Kh1 Rb1+ 0-1

[Event "Bern op"]
[Site "Bern"]
[Date "1992.??.??"]
[Round "6"]
[White "Kishnev, Sergey"]
[Black "Pinkas, Karol"]
[Result "1-0"]
[WhiteElo "2540"]
[BlackElo "2345"]
[PlyCount "87"]
[EventDate "1992.02.??"]
[EventType "swiss"]
[EventRounds "9"]
[EventCountry "SUI"]
[SourceTitle "CBM 028"]
[Source "ChessBase"]
[SourceDate "1992.06.01"]
[SourceVersion "1"]
[SourceVersionDate "1992.06.01"]
[SourceQuality "1"]

1. d4 d5 2. c4 c6 3. Nf3 Nf6 4. Nc3 e6 5. Bg5 Nbd7 6. cxd5 exd5 7. e3 Be7 8.
Bd3 O-O 9. Qc2 Re8 10. h3 Nf8 11. Bf4 Bd6 12. Bxd6 Qxd6 13. O-O-O b5 14. Kb1 a5
15. g4 N6d7 16. g5 Nb6 17. Rdg1 Nc4 18. h4 g6 19. Nh2 Rb8 20. Ng4 Bxg4 21. Rxg4
Re7 22. Ka1 Reb7 23. Ne2 a4 24. Nf4 c5 25. dxc5 Qxc5 26. Qc3 Rc8 27. Qd4 Nd2
28. Qxc5 Rxc5 29. Ne2 b4 30. Rd1 Nc4 31. Bb1 Ne6 32. Nf4 Nxf4 33. Rxf4 a3 34.
b3 Nb2 35. Rg1 Kg7 36. h5 gxh5 37. Rh4 Rc3 38. Rxh5 Nd3 39. Rd1 Nxf2 40. Rxh7+
Kf8 41. Rxd5 Rc1 42. g6 Rg1 43. Rd8+ Ke7 44. gxf7 1-0

[Event "Bad Woerishofen op 8th"]
[Site "Bad Woerishofen"]
[Date "1992.03.13"]
[Round "8"]
[White "Kishnev, Sergey"]
[Black "Staller, Peter"]
[Result "1-0"]
[WhiteElo "2540"]
[BlackElo "2360"]
[PlyCount "88"]
[EventDate "1992.03.06"]
[EventType "swiss"]
[EventRounds "9"]
[EventCountry "GER"]
[SourceTitle "TD"]
[Source "ChessBase"]
[SourceDate "1994.03.01"]
[SourceVersion "1"]
[SourceVersionDate "1994.03.01"]
[SourceQuality "1"]

1. d4 d5 2. c4 c6 3. Nf3 Nf6 4. Nc3 e6 5. Bg5 Nbd7 6. cxd5 exd5 7. e3 Be7 8.
Bd3 O-O 9. Qc2 Re8 10. h3 Nf8 11. Bf4 Bd6 12. Bxd6 Qxd6 13. O-O-O b5 14. g4 a5
15. g5 N6d7 16. h4 a4 17. h5 a3 18. b3 b4 19. Na4 Ba6 20. Bf5 g6 21. Bxd7 Nxd7
22. Rh4 Bc8 23. Rdh1 Re7 24. Nh2 Nf8 25. Ng4 Bxg4 26. Rxg4 Ne6 27. Kd2 Rc8 28.
Nc5 Nxc5 29. Qxc5 Qxc5 30. dxc5 Rb8 31. Kd3 Rb5 32. Kd4 Rb8 33. Rhh4 Kg7 34.
h6+ Kf8 35. Kd3 Reb7 36. Rf4 Ke8 37. Rf6 Rc8 38. Rhf4 Rcc7 39. Rd6 Rb8 40. Rff6
Rbc8 41. f3 Ke7 42. Kd4 Ke8 43. e4 dxe4 44. fxe4 Ke7 1-0

[Event "Bad Woerishofen op 8th"]
[Site "Bad Woerishofen"]
[Date "1992.03.14"]
[Round "9"]
[White "Chuchelov, Vladimir"]
[Black "Kishnev, Sergey"]
[Result "0-1"]
[WhiteElo "2490"]
[BlackElo "2540"]
[PlyCount "52"]
[EventDate "1992.03.06"]
[EventType "swiss"]
[EventRounds "9"]
[EventCountry "GER"]
[SourceTitle "TD"]
[Source "ChessBase"]
[SourceDate "1994.03.01"]
[SourceVersion "1"]
[SourceVersionDate "1994.03.01"]
[SourceQuality "1"]

1. d4 Nf6 2. Nf3 d5 3. c4 e6 4. e3 b6 5. Nc3 Bb7 6. Bd3 Bd6 7. Qe2 Ne4 8. Qc2
f5 9. cxd5 exd5 10. Ne5 Bxe5 11. dxe5 Nd7 12. Nb5 O-O 13. f4 Ndc5 14. Bxe4 fxe4
15. Kf2 Ba6 16. Nd4 Qh4+ 17. g3 Qh3 18. Bd2 Nd3+ 19. Kg1 Nxe5 20. Bc3 c5 21.
Nb3 Nf3+ 22. Kf2 Rae8 23. Rad1 d4 24. exd4 Rxf4 25. Ke3 Rf7 26. Qc1 Nxd4 0-1

[Event "Dortmund op-A"]
[Site "Dortmund"]
[Date "1992.??.??"]
[Round "3"]
[White "Kishnev, Sergey"]
[Black "Borngaesser, Rene"]
[Result "1-0"]
[WhiteElo "2540"]
[BlackElo "2360"]
[PlyCount "107"]
[EventDate "1992.04.??"]
[EventType "swiss"]
[EventRounds "11"]
[EventCountry "GER"]
[SourceTitle "TD"]
[Source "ChessBase"]
[SourceDate "1994.03.01"]
[SourceVersion "1"]
[SourceVersionDate "1994.03.01"]
[SourceQuality "1"]

1. d4 f5 2. g3 g6 3. Bg2 Bg7 4. c4 Nc6 5. Nf3 d6 6. d5 Ne5 7. Nd4 Bd7 8. Qb3
Rb8 9. Nc3 c5 10. Nc2 b5 11. cxb5 Bxb5 12. Nxb5 Qa5+ 13. Bd2 Qxb5 14. Qxb5+
Rxb5 15. Bc3 Nf6 16. Na3 Rb8 17. O-O-O Neg4 18. Rdf1 O-O 19. h3 Nh6 20. f4 Nd7
21. Rf3 Nb6 22. Rd1 Nf7 23. Bxg7 Kxg7 24. Rb3 Rfe8 25. e4 fxe4 26. Bxe4 Rbd8
27. Nb5 Rd7 28. Ra3 Nc8 29. Ra6 Rb7 30. a4 Rd8 31. Bf3 Nh6 32. Re1 Rdd7 33. g4
Rb6 34. Ra5 Rdb7 35. Re2 a6 36. Nc3 Kf8 37. Rc2 Na7 38. Be2 Rb4 39. Bxa6 Rc7
40. Rf2 Nf7 41. Bf1 Kg7 42. h4 h6 43. g5 hxg5 44. hxg5 Nc8 45. Ra6 Nb6 46. Bb5
Rb7 47. Bc6 Rb8 48. Ra7 Nc4 49. Nb5 Rh8 50. Kb1 Rh1+ 51. Ka2 Ne3 52. Nc7 Nf5
53. Ne6+ Kh7 54. Be8 1-0